000 00935cam a22002174a 4500
005 20250605164135.0
008 250528s ||||||||||||||||||||||||d
035 _a18751
020 _a333244966
040 _aGR-AtMCL
_bgre
_dGR-AtMCL
_eAACR2
245 1 _aThe Economics of Energy
260 _c1980
300 _a322
520 _aA comprehensive textbook the aim of which is to provide the student with an understanding of the economic issues involved in the formulation of energy policies. Preface, Acknowledgements, Introduction, Statistical Background, The Depletion of Energy Resources, Energy Pricing, Energy and the Environment, Fiscal Instruments of Energy Policy, Uncertainty and Energy Policy, Energy Analysis, Energy Policy, Notes and References, Index.
700 1 _aMacmillan
_9736
700 1 _aRicketts Martin J
_95003
700 1 _aWebb Michael G
_95004
942 _cBK
999 _c4068
_d4068